|
|
|
|
| LEADER |
01552nam a2200337 a 4500 |
| 001 |
37400 |
| 003 |
BD-DhAAL |
| 005 |
20220113161505.0 |
| 008 |
210124t20192009ii ad||| |||| 001 0 eng d |
| 999 |
|
|
|c 43193
|d 43193
|
| 020 |
|
|
|a 9788184047486
|
| 020 |
|
|
|a 9780596516499
|
| 040 |
|
|
|a BD-DhAAL
|
| 082 |
|
|
|a 006.35
|2 23
|
| 100 |
|
|
|a Bird, Steven.
|9 40750
|
| 245 |
|
|
|a Natural language processing with Python /
|c Steven Bird, Ewan Klein and Edward Loper.
|
| 250 |
|
|
|a First edition
|
| 260 |
|
|
|a Beijing ;
|a Cambridge, Mass. :
|b O'Reilly,
|c c2009.
|
| 300 |
|
|
|a xx, 479 pages :
|b illustrations ;
|c 23 cm.
|
| 504 |
|
|
|a Includes bibliographical references (pages 449-458) and indexes.
|
| 526 |
|
|
|a CSE
|
| 541 |
|
|
|a Hye Trade International
|e 37400, 37401
|
| 650 |
|
|
|a Python (Computer program language)
|9 40751
|
| 650 |
|
|
|a Natural language processing (Computer science)
|9 40752
|
| 650 |
|
|
|a Computer science
|9 42612
|
| 700 |
|
|
|a Klein, Ewan.
|9 40753
|
| 700 |
|
|
|a Loper, Edward.
|9 40754
|
| 852 |
|
|
|a Ayesha Abed Library
|c General Stacks
|
| 942 |
|
|
|2 ddc
|c BK
|
| 952 |
|
|
|0 0
|1 0
|2 ddc
|4 0
|6 006_350000000000000_BIR
|7 0
|9 69185
|a BRACUL
|b BRACUL
|c GEN
|d 2020-12-09
|e Hye Trade International
|g 2599.00
|l 10
|m 78
|o 006.35 BIR
|p 3010037401
|r 2026-02-26
|s 2025-10-29
|t 2
|v 2599.00
|w 2020-12-09
|y BK
|x Received during COVID-19 pandemic
|
| 952 |
|
|
|0 0
|1 0
|2 ddc
|4 0
|6 006_350000000000000_BIR
|7 0
|9 69186
|a BRACUL
|b BRACUL
|c GEN
|d 2020-12-09
|e Hye Trade International
|g 2599.00
|l 16
|m 82
|o 006.35 BIR
|p 3010037400
|r 2026-01-27
|s 2025-10-06
|t 1
|v 2599.00
|w 2020-12-09
|y BK
|x Received during COVID-19 pandemic
|